Animal cell culture and technology (Record no. 395204)

MARC details
000 -LEADER
fixed length control field 00539 a2200205 4500
005 - DATE & TIME
control field 20260401115958.0
008 - FIXED-LENGTH DATA ELEMENTS--GENERAL INFORMATION
fixed length control field 260319b |||||||| |||| 00| 0 eng d
020 ## - ISBN
International Standard Book Number 9788196475208
Price Rs. 595.00
040 ## - CATALOGING SOURCE
Original cataloging agency VIVEKANANDA LIBRARY
082 ## - DDC NUMBER
Classification number 591.87
Book Number R186A
100 ## - MAIN ENTRY--PERSONAL NAME
Personal name Rastogi, Veer Bala
245 ## - TITLE STATEMENT
Title Animal cell culture and technology
260 ## - PUBLICATION, DISTRIBUTION, ETC. (IMPRINT)
Name of publisher, distributor, etc Medtech Science Press
Date of publication, distribution, etc 2026
Place of publication, distribution, etc New Delhi
300 ## - PHYSICAL DESCRIPTION
Pages xiv, 262
650 ## - Subject
Subject Zoology
650 ## - Subject
Subject Animal Cell Culture
650 ## - Subject
Subject Cell Culture
700 ## - Added Entry Personal Name
Added Entry Personal Name Nirvika, Rastogi
942 ## - ADDED ENTRY ELEMENTS (KOHA)
Koha item type Books
Holdings
Withdrawn status Lost status Source of classification or shelving scheme Damaged status Not for loan Location (home branch) Sublocation or collection (holding branch) Date acquired Koha issues (times borrowed) Accession No. Koha date last seen Koha item type
    Dewey Decimal Classification     VIVEKANANDA LIBRARY VIVEKANANDA LIBRARY 18/02/2026   438429 18/02/2026 Books
© Designed and Maintained by Vivekananda Library, MDU Rohtak